书目信息 |
| 题名: |
漫话美国总统选举
|
|
| 作者: | 赵浩生 著 | |
| 分册: | ||
| 出版信息: | 北京 中国青年出版社 1980.10 |
|
| 页数: | 94页 | |
| 开本: | 19cm | |
| 丛书名: | ||
| 单 册: | ||
| 中图分类: | D771.2 | |
| 科图分类: | ||
| 主题词: | 选举制度--美国 | |
| 电子资源: | ||
| ISBN: | ||
| 000 | 00527nam0 2200193 45 | |
| 001 | 0303201132 | |
| 005 | 20060726082311.37 | |
| 010 | @dCNY0.29 | |
| 091 | @a6009.5 | |
| 100 | @a20030320d1980 km y0chiy0120 ea | |
| 101 | 0 | @achi |
| 200 | 1 | @a漫话美国总统选举@AMan Hua Mei Guo Zong Tong Xuan Ju@f赵浩生著@FZhao Hao Sheng Zhu |
| 210 | @a北京@c中国青年出版社@d1980.10 | |
| 215 | @a94页@d19cm | |
| 606 | 0 | @a选举制度@y美国 |
| 690 | @aD771.2@v3 | |
| 701 | 0 | @a赵浩生@4著 |
| 801 | @aCN@bTSTC@c20060726 | |
| 905 | @dD771.2@e252@f1@b35690 | |
| 漫话美国总统选举/赵浩生著.-北京:中国青年出版社,1980.10 |
| 94页;19cm |
| ISBN :CNY0.29 |
| ● |
| 相关链接 |
|
|
|
|
正题名:漫话美国总统选举
索取号:D771.2/252
 
预约/预借
| 序号 | 登录号 | 条形码 | 馆藏地/架位号 | 状态 | 备注 |
| 1 | 0035686 | 000364849 | 第一借阅区/ [索取号:D771.2/252] | 在馆 | |
| 2 | 0035687 | 001767298 | 密集书库/ [索取号:D771.2/252] | 在馆 | |
| 3 | 0035688 | 001718975 | 密集书库/ [索取号:D771.2/252] | 在馆 | |
| 4 | 0035689 | 001718939 | 密集书库/ [索取号:D771.2/252] | 在馆 | |
| 5 | 0035690 | 000364830 | 第一样本阅览室/ [索取号:D771.2/252] | 在馆 | |
| 6 | 0426058 | 204260584 | 密集书库/ [索取号:D771.2/252] | 在馆 |